Analýza vybraných transakcií spojených so vznikom odloženej dane v konsolidovanej účtovnej závierke

Odložená daň v konsolidovanej účtovnej závierke. Transakcie, pri ktorých dochádza k vzniku dočasných rozdielov v konsolidovanej účtovnej závierke.

Salvato in:
Dettagli Bibliografici
Autore principale: Hornická, Renáta, 1977-
Natura: Capitolo di libro
Lingua:slovacco
Soggetti:
Tags: Aggiungi Tag
Nessun Tag, puoi essere il primo ad aggiungerne!!

MARC

LEADER 00000naa$a2200000$$$4500
001 0179062
005 20240502073036.7
041 0 |a slo 
044 |a SK 
245 1 0 |a Analýza vybraných transakcií spojených so vznikom odloženej dane v konsolidovanej účtovnej závierke  |c Renáta Hornická 
520 |a Odložená daň v konsolidovanej účtovnej závierke. Transakcie, pri ktorých dochádza k vzniku dočasných rozdielov v konsolidovanej účtovnej závierke. 
610 2 0 |a závierka účtovná konsolidovaná 
610 2 0 |a akvizícia 
610 2 0 |a podnik materský 
610 2 0 |a podnik dcérsky 
610 2 0 |a majetok 
610 2 0 |a dane 
610 2 0 |a záväzky 
610 2 0 |a pohľadávky 
610 2 0 |a goodwill 
100 1 |a Hornická, Renáta, 1977-